Dolorosa - Cali - Paroles - Statistiques

Statistiques générales
  • Ce quiz a été pris 3 fois
  • Le résultat moyen est 120 sur 210
Statistiques - réponses
Réponse % Correct
à
100%
Je
100%
je
100%
la
100%
le
100%
Tu
100%
tu
100%
amant
67%
au
67%
Au
67%
Aujourd'hui
67%
aura
67%
aurons
67%
avec
67%
beau
67%
belle
67%
bien
67%
bu
67%
c'est
67%
chercher
67%
corsage
67%
de
67%
De
67%
décidé
67%
des
67%
dimanche
67%
Dimanche
67%
dîner
67%
Dolorosa
67%
tuer
67%
Dolorosa
67%
dressée
67%
du
67%
et
67%
Et
67%
foot
67%
frites
67%
Il
67%
il
67%
invite
67%
iras
67%
j'ai
67%
jour
67%
J'ouvrirai
67%
les
67%
métier
67%
mon
67%
ne
67%
nous
67%
ou
67%
Ou
67%
oui
67%
ouvriras
67%
parler ?
67%
pas
67%
peu
67%
peut-être
67%
Peut-être
67%
pied
67%
poésie
67%
poulet
67%
presque
67%
puis
67%
quoi
67%
son
67%
sous
67%
table
67%
te
67%
toi
67%
ton
67%
très
67%
trop
67%
tuer
67%
vais
67%
vais-je
67%
vous
67%
Ah
33%
amants
33%
comme
33%
creux
33%
d'années
33%
demandera
33%
deux
33%
d'un
33%
entendus
33%
flambé
33%
fond
33%
fous
33%
gêne
33%
grand
33%
jardin
33%
j'avais
33%
loin
33%
lui
33%
m'éloignerai
33%
notre
33%
n'vais
33%
oreille
33%
perdra
33%
perdu
33%
promettra
33%
promis
33%
quitterai
33%
regard
33%
rester
33%
rires
33%
rosier
33%
sage
33%
s'aimer
33%
se
33%
sourire
33%
Sur
33%
tant
33%
tendras
33%
t'habilleras
33%
Tout
33%
tout
33%
trouverai
33%
un
33%
vin
33%
visage
33%
vont
33%
milieu
0%
n'existerai
0%
pieds
0%
plus
0%
pointe
0%
s'embrasseront
0%
souffles
0%
vos
0%
Vos
0%
yeux
0%
Aucun quiz correspondant
Distribution des résultats
% des personnes avec chaque résultat
Percentile par nombre de réponses
Votre historique - résultats
Vous n’avez pas pris ce quiz